[Event "Paris GCT 2017 Blitz"]
[Site "Paris"]
[Date "2017.06.24"]
[Round "1"]
[White "Carlsen, Magnus"]
[Black "Caruana, Fabiano"]
[Result "1-0"]
[WhiteElo "2851"]
[BlackElo "2782"]
[Annotator "TA"]
[PlyCount "75"]
[EventDate "2017.??.??"]
[EventType "tourn"]
[EventCountry "FRA"]
[SourceTitle "playchess.com"]
[Source "ChessBase"]
[SourceQuality "1"]

{[%evp 18,75,12,0,0,-6,9,2,5,0,8,5,29,26,62,54,69,41,64,56,63,63,62,47,112,46,110,113,119,106,154,166,160,171,172,167,204,204,207,160,228,151,290,150,421,418,416,233,222,112,116,109,115,114,587,551,29972,29944,6282,6275]} 1. d4 d5 2. Bf4 Nf6 3. e3 e6 4. Nf3 c5 5. c3 Nc6 6. Nbd2 Bd6 7. Bg3 O-O 8. Bb5 {D02: 1 d4 d5 2 Nf3 sidelines, including 2...Nf6 3 g3 and 2...Nf6 3 Bf4} Bxg3 9. hxg3 Qb6 10. a4 {LiveBook: 7 Games. The position is equal.} (10. Bxc6 $5 bxc6 11. Qc2 $11) 10... h6 11. O-O Ne7 12. Qb3 Qc7 $146 ({Predecessor:} 12... c4 13. Qb4 Qc7 14. a5 Rb8 15. b3 Nc6 {1-0 (39) Li,C (2720)-Dai,C (2423) Beijing 2017}) 13. a5 Bd7 14. Be2 Ng6 15. Qa3 c4 16. b3 cxb3 17. Nxb3 Ne4 18. Rfc1 Bc6 ({Don't go for} 18... Nxc3 $2 19. Rxc3 $1 {[%mdl 512]} Qxc3 20. Rc1 $18) 19. c4 dxc4 20. Rxc4 Qd8 (20... Rac8 $14) 21. Nc5 (21. a6 $16) 21... Nd6 (21... Nxc5 $14 22. Rxc5 (22. Qxc5 Qd7 $14) 22... Qd6) 22. Rc2 $16 Bd5 {[#]} 23. Bd3 $1 b6 {[#]} 24. e4 $1 {[%cal Re4d5]} bxc5 25. exd5 exd5 {next ...c4 is good for Black.} 26. dxc5 Ne4 27. c6 {[%cal Bc5c6,Bc6c7][%mdl 32]} Qc7 28. Qb3 Rfd8 (28... Ne7 $16 29. Rac1 Rab8) 29. Qb7 Rac8 (29... Rdc8 $16 30. Rb1 Qd6) 30. Rb1 ({White should play} 30. Nd4 $18) 30... Qxa5 $2 (30... Nd6 $16 {was necessary.}) 31. c7 $18 Rf8 {Black wants to play ...Nc3.} 32. Qb5 (32. Qa6 $142 Qxa6 33. Bxa6) 32... Qa3 {and if ...Nc3 works, Black does fine.} 33. Qxd5 (33. Qa6 $18 Qd6 34. Ra1 (34. Qxa7 Ne5 $18)) 33... Nc3 $16 34. Rxc3 $1 Qxc3 35. Bxg6 $1 {And now Ne5 would win.} Rxc7 $2 {[%mdl 8192]} (35... Qxc7 $16 36. Bd3 Rfe8) 36. Ne5 $18 Qc5 37. Bxf7+ Rfxf7 38. Rb8+ {Precision: White = 47%, Black = 32%.} 1-0

[Event "Paris GCT 2017 Blitz"]
[Site "Paris"]
[Date "2017.06.24"]
[Round "1"]
[White "Mamedyarov, Shakhriyar"]
[Black "Bacrot, Etienne"]
[Result "1-0"]
[WhiteElo "2784"]
[BlackElo "2688"]
[Annotator "TA"]
[PlyCount "89"]
[EventDate "2017.??.??"]
[EventType "tourn"]
[EventCountry "FRA"]
[SourceTitle "playchess.com"]
[Source "ChessBase"]
[SourceQuality "1"]

{[%evp 19,89,8,23,23,24,24,30,0,0,0,12,0,4,-52,-48,-88,-89,-81,-43,-62,-55,-63,-63,-60,-51,-56,-49,-51,-53,-57,-41,-41,-34,-45,-14,-21,-10,-31,-3,-31,0,0,0,0,0,0,0,-10,0,0,5,0,0,0,37,41,235,159,147,0,929,927,687,506,591,560,12836,12836,12839,12839,12839,12839]} 1. d4 d5 2. Nf3 Nf6 3. e3 e6 4. Bd3 c5 5. b3 Nbd7 6. Bb2 Be7 7. O-O b6 8. c4 Bb7 9. Nc3 O-O 10. Rc1 Ne4 {LiveBook: 9 Games. E14: Queen's Indian: Classical Variation (4 e3)} (10... Rc8 11. cxd5 Nxd5 12. Nxd5 Bxd5 13. Qe2 Bb7 14. Rfd1 cxd4 15. Nxd4 Rxc1 16. Rxc1 Nc5 17. Bb5 Qd5 18. f3 {0-1 (34) Marin,M (2548)-Bu,X (2670) Istanbul 2012}) 11. Qc2 Ndf6 12. Rfd1 cxd4 $146 {White has an edge.} ({Predecessor:} 12... Qe8 13. cxd5 exd5 14. a3 a6 15. Na4 c4 16. Bxe4 dxe4 17. Nd2 cxb3 18. Qc7 Qxa4 19. Qxe7 {½-½ (43) Schlereth,B (1665)-Hennemann,H (1635) Roethenbach 1996}) 13. Bxe4 (13. Nxd4 $5 {[%cal Rd3e4]} Nxc3 14. Qxc3 $11) 13... dxc3 14. Qxc3 Qc7 15. Bb1 dxc4 {[#]} 16. Ng5 ({Better is} 16. Bd3 $1 $11 {[%mdl 512]}) 16... h6 $15 17. Qc2 {[#] Hoping for Bxf6.} Rfd8 $1 $36 {[%mdl 2048] Black is in control.} 18. Nf3 Be4 (18... b5 {looks sharper.} 19. bxc4 Qxc4 20. Rxd8+ Rxd8 21. Qxc4 bxc4 22. Ne5 Bd5) 19. Qxc4 Qxc4 20. bxc4 Rxd1+ 21. Rxd1 Bxb1 22. Rxb1 Rc8 23. Rc1 Ne4 24. Kf1 Bf6 25. Bd4 Kf8 26. Ke2 Ke7 27. Rc2 g5 28. g4 {[#]} h5 $1 {[%mdl 512]} 29. gxh5 (29. h3 {with more complications.} Bxd4 30. exd4 hxg4 31. hxg4 Nf6 32. Nxg5 Rd8 33. Nf3) 29... Rh8 (29... g4 $5 {[%cal Rg4f3]} 30. Nd2 Nxd2 31. Rxd2 Rxc4 $15) 30. c5 Bxd4 31. exd4 bxc5 32. dxc5 Rxh5 $11 {[%mdl 4096] Endgame KRN-KRN} 33. Ke3 f5 34. c6 Rh8 35. Ne5 {Black must now prevent Ng6+.} Rc8 36. Rb2 Kd6 (36... Kf6 $5 {[%cal Rf6e5]} 37. Nd7+ Ke7 $11) 37. Kd4 g4 $2 (37... Rc7 $14) 38. Rb7 $18 {[%csl Gc6,Ge5][%cal Rb7d7]} Rc7 39. Rb8 ({White should play} 39. Rxc7 $16 Kxc7 {[#]} 40. Nxg4 $1 {[%mdl 512]}) 39... Rxc6 $2 {[%mdl 8192]} (39... Nxf2 $11 40. Rd8+ Ke7) 40. Nxc6 {White is clearly winning.} Kxc6 $11 {KR-KN} 41. Ke3 e5 42. Ra8 Kb7 43. Re8 Nd6 44. Rxe5 Nc4+ 45. Kf4 {Precision: White = 67%, Black = 35%.} 1-0

[Event "Paris GCT 2017 Blitz"]
[Site "Paris"]
[Date "2017.06.24"]
[Round "1"]
[White "Vachier-Lagrave, Maxime"]
[Black "Nakamura, Hikaru"]
[Result "1/2-1/2"]
[WhiteElo "2783"]
[BlackElo "2792"]
[Annotator "TA"]
[PlyCount "106"]
[EventDate "2017.??.??"]
[EventType "tourn"]
[EventCountry "FRA"]
[SourceTitle "playchess.com"]
[Source "ChessBase"]
[SourceQuality "1"]

{[%evp 18,106,13,16,42,17,23,14,32,24,37,1,29,0,0,0,0,0,0,0,0,0,0,0,0,0,0,-83,-33,-72,-16,-46,0,-66,-66,-66,-74,-66,-67,-82,-56,-71,-39,-31,-32,-44,-44,-44,-45,-45,-45,-45,-43,-45,0,-15,0,0,0,0,0,0,0,0,0,-18,0,0,0,0,0,-103,0,0,0,0,0,0,0,0,0,0,0,0,0,0,7,0,0,0,0]} 1. e4 e5 2. Nf3 Nc6 3. Bb5 Nf6 4. O-O Nxe4 5. d4 Nd6 6. Bxc6 dxc6 7. dxe5 Nf5 8. Qxd8+ Kxd8 9. h3 Ke8 10. Nc3 h5 {C67: Ruy Lopez: Berlin Defence: 4 0-0 Nxe4} 11. Rd1 Be7 12. Ne4 h4 $146 ({Predecessor:} 12... Bd7 13. b3 h4 14. Bg5 Rd8 15. c4 b6 16. Rd2 Bc8 17. Rxd8+ Kxd8 18. Rd1+ {1-0 (49) Polgar,J (2699)-Karjakin,S (2788) Khanty-Mansiysk 2011}) 13. b3 b6 14. Bb2 Rh5 15. Nh2 {[%cal Bf3h2,Bh2g4,Bg4e5][%mdl 32]} Bb7 16. Re1 {Threatens to win with Nf6+!} Kf8 17. Rad1 c5 18. Rd7 Rc8 (18... Bc8 $5 {[%cal Rc8d7]} 19. Rd2 (19. Rxc7 Bd8 $11) 19... Nd4 $11) 19. Ng4 Bc6 20. Rd3 Rd8 21. Rxd8+ Bxd8 22. e6 (22. c4 $11) 22... fxe6 23. Ne5 Be8 (23... Bxe4 $17 24. Rxe4 Bf6) 24. Nd3 Bc6 (24... Nd4 $5 {[%cal Rd4c2]}) 25. Ne5 (25. Nf4 $11 Rh6 26. Nd2) 25... Bxe4 $15 26. Rxe4 Bf6 27. Ng6+ Kf7 28. Bxf6 $1 gxf6 {[%mdl 4096] Endgame KRN-KRN} 29. Nf4 Nd6 30. Ra4 Rf5 {Strongly threatening ...b5.} 31. Nd3 {[#]} c4 $1 {[%mdl 512]} 32. bxc4 Ra5 33. Rxa5 bxa5 {KN-KN} 34. Nb2 Ne4 35. Kf1 e5 36. Ke2 Nc3+ 37. Kd2 $1 {[%cal Rd2c3]} Ne4+ 38. Ke3 Nd6 39. Kd3 f5 40. Na4 Ne4 41. Ke3 Ke6 42. f4 c6 43. Nb2 Nc3 44. a4 (44. Nd3 $11) 44... c5 (44... e4 $17 45. Kd4 Ne2+ 46. Ke3 Ng3) 45. fxe5 $11 {The position is equal.} Kxe5 46. Nd3+ Kd6 47. Nb2 Ke5 48. Nd3+ Kd6 49. Nb2 Ke6 50. Kd3 Ne4 51. Ke3 Nc3 52. Kd3 Ne4 53. Ke3 Nc3 {Precision: White = 69%, Black = 58%.} 1/2-1/2

[Event "Paris GCT 2017 Blitz"]
[Site "Paris"]
[Date "2017.06.24"]
[Round "1"]
[White "Karjakin, Sergey"]
[Black "So, Wesley"]
[Result "1-0"]
[WhiteElo "2776"]
[BlackElo "2789"]
[Annotator "TA"]
[PlyCount "73"]
[EventDate "2017.??.??"]
[EventType "tourn"]
[EventCountry "FRA"]
[SourceTitle "playchess.com"]
[Source "ChessBase"]
[SourceQuality "1"]

{[%evp 9,73,15,22,20,15,17,27,12,7,18,22,13,20,18,46,0,-13,-18,-25,-28,-33,-14,55,58,72,77,105,12,18,0,137,115,164,30,231,240,236,224,238,197,193,165,288,273,289,286,265,277,345,101,291,317,292,291,437,437,398,380,806,799,898,894,1083,1069,981,935]} 1. e4 e5 2. Nf3 Nc6 3. Bc4 Bc5 4. O-O Nf6 5. d3 O-O 6. a4 {C50: Hungarian Defence and Giuoco Pianissimo} a5 7. Bg5 h6 8. Bh4 {White has an edge.} g5 9. Bg3 d6 10. c3 Kg7 11. Na3 $146 ({Predecessor:} 11. Re1 g4 12. Bh4 Ne7 13. Bxf6+ Kxf6 14. d4 Bb6 15. Nh4 Kg7 {0-1 (51) Hou,Y (2652)-Ding,L (2773) Moscow 2017}) 11... Bg4 12. Nc2 ({White should play} 12. h3 $14 Be6 13. Bxe6 fxe6 14. Nc4) 12... Nh5 $11 13. Ne3 Bxe3 14. fxe3 Nxg3 15. hxg3 f5 ({Better is} 15... Nb8 $11) 16. Be6 $14 Ne7 17. Qb3 Rb8 18. Nh2 (18. d4 $16) 18... Be2 $11 19. exf5 Bxf1 (19... Bxd3 $11 {remains equal.} 20. f6+ Rxf6 21. Rxf6 Kxf6) 20. Rxf1 $16 h5 21. Qd1 ({Only move:} 21. g4 $18) 21... Qe8 $2 {[#]} (21... g4 $1 $11 {and Black stays safe.}) 22. e4 $18 Ng8 23. Qd2 Qe7 24. Bxg8 Kxg8 {[#]} 25. g4 $1 $36 {[%mdl 2048] Black is under strong pressure.} ({Worse is} 25. f6 Rxf6 26. Qxg5+ Kf7 $11) 25... h4 (25... Qg7 $142 26. gxh5 Qh6) 26. Nf3 Qg7 27. Qxg5 ({Don't play} 27. Nxg5 $6 Qh6 $16) 27... Qxg5 28. Nxg5 {[%mdl 4096] Endgame KRR-KRN} b5 29. Ne6 $2 (29. axb5 $18 {is the precise move to win. c4 is the strong threat.} Rxb5 30. f6) 29... Rf7 $2 (29... Rfc8 $16 {is a better defense.}) 30. axb5 Rxb5 31. Rf2 c6 (31... Re7 $142 32. g5 Rb8) 32. g5 {[%cal Bg4g5,Bg5g6][%mdl 32]} Rb8 33. Kh2 Rfb7 $2 (33... Re7 34. g6 Rxe6) 34. g6 {White is clearly winning.} Re8 35. Kh3 a4 36. Kxh4 Rbe7 37. Kg5 {Precision: White = 65%, Black = 43%.} 1-0

[Event "Paris GCT 2017 Blitz"]
[Site "Paris"]
[Date "2017.06.24"]
[Round "1"]
[White "Topalov, Veselin"]
[Black "Grischuk, Alexander"]
[Result "1-0"]
[WhiteElo "2725"]
[BlackElo "2779"]
[Annotator "TA"]
[PlyCount "101"]
[EventDate "2017.??.??"]
[EventType "tourn"]
[EventCountry "FRA"]
[SourceTitle "playchess.com"]
[Source "ChessBase"]
[SourceQuality "1"]

{[%evp 14,101,44,39,46,13,12,18,22,17,30,27,25,0,19,0,11,0,0,0,22,5,11,0,17,-6,6,6,99,8,23,29,59,0,64,78,275,99,102,101,94,0,92,101,97,88,96,59,54,12,66,39,35,25,20,20,20,20,35,32,23,25,31,26,124,118,122,117,118,104,227,219,245,225,432,432,399,398,377,380,1282,1264,1208,1087,1216,1182,1181,1046,888,884]} 1. c4 e5 2. g3 Nc6 3. Bg2 Bc5 4. Nc3 d6 5. e3 a6 6. Nge2 {A25: English Opening vs King's Indian with ...Nc6 but without early d3} Ba7 7. b3 (7. d4 h5 8. h3 h4 9. g4 f5 10. dxe5 fxg4 11. exd6 gxh3 12. Bxh3 Bxh3 13. Rxh3 {0-1 (40) Gajewski,G (2634)-Ragger,M (2680) Chartres 2017}) 7... Nge7 8. Bb2 {LiveBook: 19 Games. White is slightly better.} h5 9. h4 Bg4 10. d3 Qd7 11. Qd2 Rb8 $146 ({Predecessor:} 11... O-O 12. Nd5 Nxd5 13. cxd5 {1-0 (39) Wadsworth,M (2290)-Pein,M (2353) Reading 2017}) 12. Rc1 O-O 13. Ne4 f6 14. N2c3 Nd8 (14... f5 $5 {[%cal Rf5e4]} 15. Ng5 f4 $11) 15. Nd5 Ng6 16. Ba3 Ne6 17. f3 Bf5 18. O-O Kh8 19. Qe2 Rbd8 20. Kh2 Nc5 (20... Ne7 $11) 21. Rcd1 (21. Nf2 $1 $16) 21... c6 $11 22. Ndc3 $36 {[%mdl 2048] White is pushing.} b5 23. d4 (23. Nf2 $14) 23... Nxe4 (23... exd4 $1 $11 24. exd4 Nxe4 25. fxe4 (25. Nxe4 Bb8 $14) 25... Bg4) 24. Nxe4 $14 Qe6 $2 (24... bxc4 $16 25. Bxd6 Bxe4 26. fxe4 Qxd6) 25. dxe5 $2 (25. d5 $18 {has better winning chances.} cxd5 26. Nxd6 (26. cxd5 Qe7 $16) (26. Rxd5 bxc4 27. bxc4 Bb8 $18) 26... Rxd6 27. e4 Nxh4 28. exf5 Nxf5 29. Bh3 (29. Bxd6 Qxd6 30. f4 g6 $16)) 25... Bxe4 $16 26. fxe4 Nxe5 {Threatens to win with ...Ng4+.} 27. Qxh5+ Kg8 {...Ng4+ is the strong threat.} 28. Bh3 Qf7 29. Qxf7+ Nxf7 30. cxb5 axb5 31. Rc1 (31. e5 $5 Nxe5 32. Bxd6 $14) 31... Bc5 (31... Ne5 $11) 32. Bxc5 (32. b4 {is more complex.} Bxe3 33. Rxc6 Ra8 34. Rc3 Bd2 35. Rb3) 32... dxc5 33. Be6 {aiming for e5.} Rfe8 34. Bxf7+ Kxf7 35. Rxc5 {Strongly threatening e5.} Rxe4 $11 {[%mdl 4096] Endgame KRR-KRR} 36. Rf2 Rxe3 37. Rxc6 Rdd3 38. Rg2 Kg6 {[#]} (38... Re4 $11) 39. Rc5 $1 $16 Re5 {[#]} 40. Rxe5 $1 fxe5 {KR-KR} 41. Rf2 e4 (41... b4 $16) 42. Kg2 $18 b4 43. g4 Rc3 $2 (43... Kh6 {was worth a try.} 44. Rc2 Rf3 45. Rc6+ Kh7) 44. Re2 e3 45. Kf3 Kf6 46. Kf4 g5+ $2 (46... Kg6 47. Rxe3 Rc2) 47. hxg5+ {White is clearly winning.} Kg6 48. Rxe3 Rc1 49. Re6+ Kg7 50. Re4 Rf1+ 51. Ke5 {Precision: White = 50%, Black = 23%.} 1-0

[Event "Paris GCT 2017 Blitz"]
[Site "Paris"]
[Date "2017.06.24"]
[Round "2"]
[White "So, Wesley"]
[Black "Vachier-Lagrave, Maxime"]
[Result "0-1"]
[WhiteElo "2789"]
[BlackElo "2783"]
[Annotator "TA"]
[PlyCount "102"]
[EventDate "2017.??.??"]
[EventType "tourn"]
[EventCountry "FRA"]
[SourceTitle "playchess.com"]
[Source "ChessBase"]
[SourceQuality "1"]

{[%evp 16,102,0,0,0,0,0,-60,-53,-60,-47,-53,-17,-53,-39,-112,-111,-110,-101,-101,-111,-108,-107,-96,-115,-100,-47,-60,-62,-110,-98,-109,-87,-87,-37,-61,-66,-62,-47,-62,-62,-119,-107,-134,-97,-115,-115,-117,-105,-112,-111,-117,-118,-118,-114,-110,-87,-106,-101,-117,-117,-125,-127,-125,-93,-160,-126,-300,-300,-280,-252,-252,-241,-344,-312,-422,-425,-397,-284,-598,-585,-866,-818,-864,-820,-659,-650,-595,-572]} 1. Nf3 c5 2. c3 Nf6 3. d4 d5 4. dxc5 e6 5. b4 a5 6. Qb3 {D02: 1 d4 d5 2 Nf3 sidelines, including 2...Nf6 3 g3 and 2...Nf6 3 Bf4} (6. e3 axb4 7. cxb4 b6 8. Bb5+ Bd7 9. Bxd7+ Nbxd7 10. a4 bxc5 11. b5 Bd6 12. O-O O-O 13. Bb2 {1-0 (37) Cifuentes Parada,R (2539)-Bauer,C (2602) San Sebastian 2009}) 6... axb4 7. cxb4 b6 8. cxb6 Qxb6 9. b5 {LiveBook: 3 Games} Nbd7 {[%cal Bb8d7,Bd7c5,Bc5a4][%mdl 32]} 10. e3 Nc5 11. Qd1 (11. Qc2 $1 $11) 11... Na4 $1 $15 {[%mdl 1024] Black has compensation.} 12. Be2 $146 ({Predecessor:} 12. Nbd2) 12... Bd7 13. O-O Be7 14. Qb3 Ne4 {Strongly threatening ...Bf6.} 15. Nd4 (15. Bb2 $15) 15... O-O $1 $17 16. Ba3 Bxa3 $1 17. Qxa3 e5 18. Nf3 Nac3 $1 {[%cal Rc3e2]} 19. Qb2 Nxe2+ 20. Qxe2 Bxb5 (20... f6 $17 21. Rc1 Bxb5) 21. Qb2 $15 Rfb8 22. Rd1 f6 {aiming for ...Qe6.} 23. Nc3 Nxc3 24. Qxc3 Qe6 25. Rab1 Rc8 26. Qb4 Be2 27. Rd2 Bc4 28. a4 ({Better is} 28. Ra1 $15) 28... Qa6 29. Ra1 Rab8 30. Qc3 Bb3 31. Qb2 Bxa4 32. Qa2 {[#]} Qc4 $1 33. h3 Be8 34. Qa7 Bf7 35. Rda2 Qc7 36. Qxc7 Rxc7 37. Ra7 Rxa7 38. Rxa7 $17 {[%mdl 4096] Endgame KRB-KRN} g5 39. g4 Bg6 40. Ra1 ({White should play} 40. Ra6) 40... h5 {[%cal Bh7h5,Bh5h4][%mdl 32]} 41. Nh2 $2 {[#]} (41. Ra6 $17) 41... h4 $1 $19 42. Nf3 Rb2 43. Rd1 Be4 44. Nd2 (44. Ne1 {is a better defense.}) 44... Bd3 45. Nf1 Bc4 46. Rc1 Kf7 47. e4 $2 (47. Nh2) 47... Bxf1 {Black is clearly winning.} 48. Rc7+ Kg6 49. Kxf1 dxe4 50. Rc3 Rd2 51. Kg2 Rd3 {Precision: White = 35%, Black = 66%.} 0-1

[Event "Paris GCT 2017 Blitz"]
[Site "Paris"]
[Date "2017.06.24"]
[Round "2"]
[White "Caruana, Fabiano"]
[Black "Karjakin, Sergey"]
[Result "1-0"]
[WhiteElo "2782"]
[BlackElo "2776"]
[Annotator "TA"]
[PlyCount "91"]
[EventDate "2017.??.??"]
[EventType "tourn"]
[EventCountry "FRA"]
[SourceTitle "playchess.com"]
[Source "ChessBase"]
[SourceQuality "1"]

{[%evp 15,91,-55,-46,-53,-43,-54,-53,-60,-54,-68,-29,-37,-30,-29,-23,-60,-56,-78,0,0,0,-2,0,-33,-12,-29,2,-66,-1,-62,-25,-43,-35,-46,-42,-41,-35,-63,-63,-56,-72,-83,-78,-89,-58,-58,-12,-100,-102,-120,-60,-67,-35,-43,-50,-151,-150,-255,-241,-250,-245,-237,-246,-340,-341,-283,-58,-56,88,76,610,606,29989,29990,29991,29992,29992,29993]} 1. Nf3 Nf6 2. g3 c5 3. Bg2 Nc6 4. O-O e5 5. c4 d5 6. cxd5 Nxd5 7. Qa4 {A30: Symmetrical English: Double Fianchetto and Hedgehog} (7. Nc3 Be6 8. Ng5 Qxg5 9. Nxd5 Qd8 10. Ne3 Rc8 11. b3 Be7 12. Bb2 f6 13. f4 exf4 14. gxf4 Qd7 15. Qe1 Nd4 16. Qf2 {½-½ (54) Meier,G (2630)-Karjakin,S (2783) chess.com INT 2017}) 7... Nb6 8. Qc2 Be7 {LiveBook: 3 Games} 9. b3 {Black is slightly better.} Be6 $146 ({Predecessor:} 9... Nb4 10. Qe4 O-O 11. Nc3 f5 12. Qb1 e4 13. Ne1 Bf6 14. a3 Nc6 {0-1 (48) Fominykh,M (2313)-Zaiatz,E (2398) St Petersburg 2010}) 10. Bb2 f6 11. d3 Rc8 12. Nbd2 Nd4 13. Qd1 $1 Qd7 14. e3 Nxf3+ 15. Nxf3 O-O 16. Qe2 Bd5 (16... Bg4 $17) 17. Rfd1 $11 Rfd8 18. Rac1 Bf8 19. h4 a5 20. Bc3 Ra8 21. Rb1 (21. Qd2 $11) 21... Qc6 (21... Bf7 $15) 22. h5 (22. Rdc1 $11) 22... Nc8 23. Rbc1 Qe6 24. e4 Bc6 25. Nh4 Nd6 26. f4 Nb5 27. Ba1 a4 28. Nf5 axb3 29. axb3 Nd4 ({Much worse is} 29... Qxb3 $6 30. fxe5 Rxa1 31. Rxa1 $11) 30. Bxd4 exd4 31. Qc2 (31. Qg4 $11 {remains equal.} Kf7 32. Re1) 31... Ra3 $17 32. Bh3 {[#]} Qf7 (32... Kh8 $1 $17 33. Rb1 Bd7) 33. Qc4 $1 $15 {Hoping for Nh6+!} b5 (33... Rxb3 $2 {[#]} 34. Nh6+ $1 {[%mdl 512]} gxh6 35. Be6 $18) 34. Qxf7+ Kxf7 35. b4 (35. e5 $1 $15) 35... Rc3 $17 36. Ra1 (36. e5 $17 {was called for.}) 36... cxb4 $19 37. Ra7+ Kg8 38. h6 gxh6 39. e5 fxe5 40. fxe5 Bd5 $2 ({Better is} 40... b3 $19 41. e6 Ra8 42. Rxa8 Bxa8) 41. e6 $1 $15 {[%cal Be5e6,Be6e7][%mdl 32]} Re8 (41... Bxe6 $15 {keeps the upper hand.} 42. Ne7+ Kh8 43. Bxe6 Re8) 42. e7 $16 Bg7 $2 {[%mdl 8192]} (42... b3 $16 43. exf8=N Kxf8) 43. Nd6 $18 Bf7 44. Nxe8 {White mates.} Bxe8 45. Be6+ Kh8 46. Ra8 {Precision: White = 41%, Black = 32%.} 1-0

[Event "Paris GCT 2017 Blitz"]
[Site "Paris"]
[Date "2017.06.24"]
[Round "2"]
[White "Grischuk, Alexander"]
[Black "Nakamura, Hikaru"]
[Result "1/2-1/2"]
[WhiteElo "2779"]
[BlackElo "2792"]
[Annotator "TA"]
[PlyCount "180"]
[EventDate "2017.??.??"]
[EventType "tourn"]
[EventCountry "FRA"]
[SourceTitle "playchess.com"]
[Source "ChessBase"]
[SourceQuality "1"]

{[%evp 14,180,18,19,26,18,14,15,21,7,17,10,10,8,8,7,1,14,10,16,25,12,29,25,72,43,31,36,75,69,104,105,110,106,101,101,244,157,145,162,154,127,126,128,149,123,127,138,138,0,116,110,109,125,112,106,109,106,301,121,112,102,106,91,91,91,233,108,131,106,118,118,122,126,133,112,105,83,120,112,125,117,117,113,114,114,95,58,68,89,81,76,183,163,181,96,147,147,447,274,348,279,425,110,397,302,356,171,327,320,447,59,56,0,435,0,0,0,0,0,0,0,0,0,0,0,7,8,14,-19,0,0,22,-27,105,0,112,48,491,102,118,116,124,0,0,0,39,0,0,0,0,0,0,0,0,0,0,0,0,0,0,0,0,0,0,0,0,0,0]} 1. d4 Nf6 2. c4 e6 3. Nc3 Bb4 4. Nf3 O-O 5. Qc2 d5 6. Bg5 h6 {E32: Nimzo-Indian: Classical (4 Qc2): 4...0-0} 7. Bxf6 Qxf6 8. a3 {LiveBook: 6 Games} Bxc3+ 9. Qxc3 dxc4 (9... c6 10. e3 Nd7 11. Rd1 dxc4 12. Bxc4 b6 13. O-O Bb7 14. e4 Rfd8 15. e5 {½-½ (15) Mamedyarov,S (2772)-Ding,L (2773) Moscow 2017}) 10. Qxc4 Nc6 11. Qc3 Re8 12. Rd1 e5 13. d5 $36 {[%mdl 2048] White has some pressure.} Nb8 {[#]} 14. e3 $146 ({Predecessor:} 14. e4 c6 15. Bc4 cxd5 16. Bxd5 Nd7 17. O-O Nb6 18. Rfe1 Bg4 19. Bxb7 Rab8 20. Bd5 Bxf3 21. Qxf3 {½-½ (21) Galanov,S (2502)-Lennartz,M (2430) Remote email 2013}) 14... c6 15. Be2 cxd5 16. Rxd5 Nc6 17. O-O Bg4 18. h3 Bf5 19. Rfd1 Rac8 20. Rc5 Qe7 {...Nd4 is the strong threat.} 21. b4 e4 22. Rxf5 exf3 23. Bxf3 Ne5 24. Qb3 Red8 (24... Nxf3+ $16 {was called for.} 25. Rxf3 (25. gxf3 Rc6 $16) 25... Red8) 25. Bd5 g6 26. Rf4 Kg7 27. Re4 Qf6 28. Red4 ({Much worse is} 28. Bxb7 $6 Rc3 $11) 28... b6 29. a4 Rc7 30. Rf4 Qe7 31. Rfd4 (31. Qb2 $16) 31... Rdc8 (31... Qf6 $1 $11) 32. Qb1 $16 Rc2 33. Be4 R2c7 34. a5 bxa5 35. bxa5 Rc5 $2 (35... Qa3 $16) 36. a6 (36. f4 $1 $18) 36... R8c7 37. Bb7 Rc2 38. Qb4 (38. Bd5 {feels hotter.} Qa3 39. Qb5 Qe7 40. Be4 Rc1 41. Qb2) 38... Qxb4 39. Rxb4 Ra2 (39... Nd7 $16) 40. Re4 (40. f4 $1 $18 {[%cal Rf4e5]} Nd7 41. Bd5) 40... Ra5 41. Rd5 Ra1+ 42. Kh2 Nc4 43. Red4 Ra2 44. Kg3 Nb6 45. Rd6 Rc5 46. h4 Rf5 47. Rf4 Rxf4 48. exf4 {[%mdl 4096] Endgame KRB-KRN} ({Don't play} 48. Kxf4 $6 Rxf2+ 49. Ke4 Na4 $11) 48... Na4 49. Rc6 Ra3+ 50. f3 Nc3 51. f5 gxf5 52. Kf4 $1 Ra4+ (52... Nd5+ $16 {was worth a try.} 53. Ke5 Ra5) 53. Ke5 $1 $18 ({Resist} 53. Kxf5 Nb5 $16) 53... Ne2 54. Rc7 (54. Kd6 $18) 54... Ra5+ (54... Nf4 $142) 55. Kd6 $1 $16 Kf6 $2 {[%mdl 8192]} (55... Nf4 $16) 56. Kd7 Nd4 57. Kc8 $1 Re5 {[#]} (57... Ra2 {keeps fighting.} 58. Rxf7+ Kg6) 58. Rc4 $2 (58. Kb8 $1 $18) 58... Nb5 $2 {[%mdl 8192]} (58... Re8+ $16 59. Kd7 Re7+ 60. Kd6 Nb5+ 61. Kc5 Nc7) 59. Rc6+ Ke7 60. Kb8 (60. Rxh6 $142 Kf8 61. Rh8+ Kg7 62. Rd8) 60... Kd7 $2 (60... Rd5 {might work better.} 61. Rc8 Rd6) 61. Rc8 $18 Re6 62. Rf8 $2 (62. Rc5 $18 Rb6 63. Rxf5) 62... Ke7 $14 63. Rc8 $2 {[%mdl 8192]} (63. Rh8 $14) 63... Kd7 $18 64. Rc1 $2 (64. Rc5 $18 Rb6 65. f4) 64... Re8+ $1 $11 65. Bc8+ Kd6 66. Kb7 Re7+ 67. Kb8 Re8 68. Kb7 Re7+ 69. Kb8 f4 70. Bb7 {Hoping for Rc8.} Re8+ 71. Bc8 Re7 72. Bb7 {Black must now prevent Rc8.} Re8+ 73. Bc8 Re2 (73... Kd5 $11) 74. Bb7 ({White should try} 74. Rb1 $16 Re5 75. Rd1+ Kc5 76. Bd7) 74... Rxg2 {[#]} (74... Re8+ $1 $11 {remains equal.} 75. Rc8 Rxc8+ 76. Kxc8 f5) 75. Rc6+ (75. Bc6 $1 $16 {[%cal Rc6b5]} Nd4 76. Bb7) 75... Kd7 $2 {[%mdl 8192]} (75... Ke7 $14) 76. Rc8 $2 (76. Rc5 $18 {is the precise move to win.} Nd6 77. Kxa7) 76... Rg6 77. h5 {[%mdl 1024] White has strong compensation.} Re6 78. Rf8 (78. Rc5 $16 Rb6 79. Ka8) 78... Ke7 79. Rc8 Kd7 80. Rf8 Ke7 {The position is equal.} 81. Rc8 Rd6 82. Bc6 Nd4 83. Kb7 (83. Bb7 {looks sharper.} Nb5) 83... Nxc6 84. Rxc6 Rxc6 85. Kxc6 {KP-KP} Ke6 86. Kb7 Kd7 87. Kxa7 {Threatening mate with Kb6.} Kc7 88. Ka8 Kc8 89. Ka7 {aiming for Kb6.} Kc7 90. Ka8 Kc8 {Precision: White = 43%, Black = 41%.} 1/2-1/2